[Event "Befana SSM B"]
[Site "Milano ITA"]
[Date "2014.01.05"]
[Round "4"]
[White "Pirrello, Christian"]
[Black "Manzotti, Francesco"]
[WhiteElo "1641"]
[BlackElo "1777"]
[Result "1/2-1/2"]
[PlyCount "104"]
[EventDate "2014.01.02"]

1. d4 Nf6 2. c4 c5 3. e3 g6 4. Nf3 Bg7 5. Be2 O-O 6. O-O Na6 7. Nc3 d6 8. b3
Bf5 9. Bb2 Qc8 10. Bd3 Nb4 11. Bxf5 Qxf5 12. Nh4 Qc8 13. a3 Nc6 14. dxc5 dxc5
15. Qc2 Rd8 16. Rfd1 Qg4 17. Nf3 h5 18. h3 Qe6 19. Ng5 Qc8 20. Nge4 Nxe4 21.
Nxe4 b6 22. Bxg7 Kxg7 23. Rxd8 Qxd8 24. Rd1 Qc7 25. Nd2 Rd8 26. Nf3 Na5 27.
Rxd8 Qxd8 28. Qd2 Qd6 29. Qxd6 exd6 30. Nd2 Kf6 31. Kf1 Ke6 32. Ke2 d5 33. Kd3
a6 34. a4 g5 35. g4 hxg4 36. hxg4 Nc6 37. f4 gxf4 38. exf4 Nb4+ 39. Ke3 Nc2+
40. Kd3 Nb4+ 41. Ke3 d4+ 42. Ke4 Na2 43. g5 Nc3+ 44. Kf3 Kf5 45. Nf1 f6 46.
Ng3+ Kg6 47. gxf6 Kxf6 48. Ne4+ Ke6 49. Nf2 Kf5 50. Nd3 Nb1 51. a5 bxa5 52.
Nxc5 d3 1/2-1/2

[Event "Befana SSM B"]
[Site "Milano ITA"]
[Date "2014.01.05"]
[Round "4"]
[White "Poletto, Daniele"]
[Black "Pollio, Ciro"]
[WhiteElo "1760"]
[BlackElo "1761"]
[Result "1/2-1/2"]
[PlyCount "92"]
[EventDate "2014.01.02"]

1. c4 e6 2. Nf3 Nf6 3. g3 d5 4. Bg2 dxc4 5. Qa4+ Nbd7 6. Qxc4 a6 7. Qc2 c5 8.
O-O Be7 9. b3 O-O 10. Bb2 Qc7 11. d3 b6 12. Nbd2 Bb7 13. Rac1 Nd5 14. Qb1 Rac8
15. Qa1 Bf6 16. Bxf6 N5xf6 17. d4 Qb8 18. dxc5 Rxc5 19. Rxc5 Nxc5 20. Qe5 Qa8
21. Nc4 Ncd7 22. Qd6 b5 23. Nb6 Nxb6 24. Qxb6 Rc8 25. Rd1 Nd5 26. Qa5 Nc3 27.
Rd2 Nxe2+ 28. Rxe2 Bxf3 29. Bxf3 Qxf3 30. Qd2 Qc6 31. h4 Qc1+ 32. Qxc1 Rxc1+
33. Kg2 Kf8 34. Rd2 Ke7 35. Kf3 Rc6 36. Ke2 Rd6 37. Rc2 h5 38. Rc5 g6 39. Rc7+
Rd7 40. Rc6 Ra7 41. a4 bxa4 42. bxa4 Kd7 43. Rb6 a5 44. Rb5 Kc6 45. Ke3 f6 46.
f3 Kd6 1/2-1/2

[Event "Befana SSM B"]
[Site "Milano ITA"]
[Date "2014.01.05"]
[Round "4"]
[White "Primerano, Carlo"]
[Black "Neri, Angelo"]
[WhiteElo "1737"]
[BlackElo "1894"]
[Result "0-1"]
[PlyCount "58"]
[EventDate "2014.01.02"]

1. d4 f5 2. c4 Nf6 3. Nc3 g6 4. Nf3 Bg7 5. g3 O-O 6. Bg2 d6 7. O-O Qe8 8. d5
Na6 9. Nd4 Nc5 10. Ncb5 Qd8 11. Rb1 a6 12. Nc3 e5 13. dxe6 c6 14. Bf4 Nh5 15.
Bc1 Nxe6 16. Nf3 Nc5 17. Bg5 Qc7 18. Qd2 Be6 19. Rfd1 Bxc4 20. Qxd6 Qxd6 21.
Rxd6 Bxc3 22. bxc3 Bxe2 23. Nd4 Bc4 24. a3 Rfe8 25. Bf3 Rab8 26. Nxf5 Bd3 27.
Nh6+ Kg7 28. Rb4 Re1+ 29. Kg2 Bf1+ 0-1

[Event "Befana SSM B"]
[Site "Milano ITA"]
[Date "2014.01.05"]
[Round "4"]
[White "Quagliarella, Sabino Remo"]
[Black "Casartelli, Fabio"]
[WhiteElo "1882"]
[BlackElo "1848"]
[Result "0-1"]
[PlyCount "152"]
[EventDate "2014.01.02"]

1. d4 d5 2. c4 c6 3. e3 Nf6 4. Nc3 Bg4 5. Qb3 Qb6 6. Bd3 Qxb3 7. axb3 Nbd7 8.
cxd5 Nxd5 9. e4 Nb4 10. Bb1 e6 11. f3 Bh5 12. Nge2 Be7 13. Nf4 Bg6 14. h4 h6
15. Nxg6 fxg6 16. Be3 O-O 17. Ke2 e5 18. d5 Bc5 19. dxc6 Nxc6 20. Nd5 Bxe3 21.
Kxe3 a6 22. Bd3 Nf6 23. Nc7 Rac8 24. Ne6 Rfe8 25. Bc4 Kh7 26. Rhd1 Nb4 27. Rac1
b5 28. Bd5 Nfxd5+ 29. exd5 Nxd5+ 30. Ke4 Rxc1 31. Rxc1 Nf4 32. Nc7 Rc8 33. Rc5
Nxg2 34. b4 Nxh4 35. Nxa6 Rd8 36. Rxe5 Nf5 37. Rd5 Ra8 38. Nc7 Ra4 39. Kd3 Rxb4
40. Rxb5 Rf4 41. Nd5 Rxf3+ 42. Ke4 Nd6+ 43. Kxf3 Nxb5 44. b4 g5 45. Kg4 Kg6 46.
Ne7+ Kf7 47. Nf5 Kf6 48. Ng3 Nd6 49. Nh5+ Kf7 50. Ng3 g6 51. Ne2 Nb5 52. Ng3
Ke6 53. Ne4 Nd6 54. Nc3 Kf6 55. Nd5+ Kf7 56. Nc3 Nc4 57. b5 Ke6 58. Ne4 Ne3+
59. Kf3 Nd5 60. Kg4 Ne3+ 61. Kf3 Nc4 62. Kg4 Ne5+ 63. Kg3 Kd5 64. Nf6+ Kc5 65.
Ng8 Nf7 66. Ne7 Kxb5 67. Nxg6 Kc5 68. Kg4 Kd5 69. Kh5 Ke4 70. Nf8 Kf3 71. Ng6
Kg3 72. Ne7 g4 73. Kg6 Kf2 74. Nf5 g3 75. Nh4 g2 76. Nxg2 Kxg2 0-1

[Event "Befana SSM B"]
[Site "Milano ITA"]
[Date "2014.01.05"]
[Round "4"]
[White "Riboldi, Raffaele"]
[Black "Malescusi, Luciano"]
[WhiteElo "1895"]
[BlackElo "1881"]
[Result "1/2-1/2"]
[PlyCount "50"]
[EventDate "2014.01.02"]

1. d4 g6 2. c4 Bg7 3. Nc3 c5 4. d5 Bxc3+ 5. bxc3 f5 6. Nf3 Qa5 7. Qc2 d6 8. e3
Nf6 9. Be2 Nbd7 10. O-O Ne5 11. Nxe5 dxe5 12. f3 Bd7 13. a4 O-O 14. Bd2 Qa6 15.
Rfe1 Ne8 16. a5 Nd6 17. Qb3 Rab8 18. Reb1 Rfc8 19. Be1 Nf7 20. Bg3 Qf6 21. Qd1
e6 22. Qe1 exd5 23. cxd5 c4 24. Rb4 Nd6 25. Qf1 Bb5 1/2-1/2

[Event "Befana SSM B"]
[Site "Milano ITA"]
[Date "2014.01.05"]
[Round "4"]
[White "Rossi, Giampiero"]
[Black "Da Campo, Giuseppe"]
[WhiteElo "1877"]
[BlackElo "1780"]
[Result "1/2-1/2"]
[PlyCount "84"]
[EventDate "2014.01.02"]

1. d4 d5 2. c4 c6 3. cxd5 cxd5 4. Nc3 Nf6 5. Nf3 e6 6. Bf4 Bb4 7. Bxb8 Bxc3+ 8.
bxc3 Rxb8 9. e3 O-O 10. Bd3 Qa5 11. Qb3 Bd7 12. Qb4 Qxb4 13. cxb4 Rfc8 14. Ne5
Rc3 15. Kd2 Rbc8 16. Rhc1 Rxc1 17. Rxc1 Rxc1 18. Kxc1 Ba4 19. f3 Nd7 20. Nxd7
Bxd7 21. Kb2 a6 22. Kc3 f5 23. Kb3 b5 24. Kc3 Kf7 25. a4 h6 26. a5 Kf6 27. e4
h5 28. h4 g5 29. e5+ Kg6 30. g3 g4 31. fxg4 hxg4 32. Kd2 Kh5 33. Ke3 Kg6 34.
Kf4 Kh5 35. Be2 Kg6 36. Bf1 Kh5 37. Bg2 Bc6 38. Bf1 Bd7 39. Be2 Bc8 40. Bd1 Bd7
41. Bb3 Bc6 42. Ba2 Bb7 1/2-1/2

[Event "Befana SSM B"]
[Site "Milano ITA"]
[Date "2014.01.05"]
[Round "4"]
[White "Rossini, Fulvio"]
[Black "Rinaldo, Andrea"]
[WhiteElo "1766"]
[BlackElo "1748"]
[Result "1-0"]
[PlyCount "103"]
[EventDate "2014.01.02"]

1. e4 d5 2. exd5 Qxd5 3. Nc3 Qa5 4. h3 Nf6 5. Nf3 Bf5 6. Bc4 e6 7. d3 c6 8. O-O
Bd6 9. Re1 O-O 10. a3 Nbd7 11. Bd2 Qc7 12. Nh4 Bg6 13. Nxg6 hxg6 14. Bg5 Qa5
15. Bxf6 Nxf6 16. Ne4 Nxe4 17. Rxe4 Qf5 18. Qd2 Rad8 19. Rae1 Bc7 20. Rxe6 Rd4
21. R6e4 Qf6 22. Rxd4 Qxd4 23. c3 Qd6 24. g3 Rd8 25. Re3 Bb6 26. Rf3 Rd7 27.
Qf4 Qxf4 28. Rxf4 Re7 29. Re4 Rxe4 30. dxe4 Kf8 31. Kf1 Ke7 32. Ke2 Bc7 33. f4
g5 34. Kf3 gxf4 35. gxf4 Kf6 36. h4 Bb6 37. b4 c5 38. Bd5 cxb4 39. axb4 a5 40.
Bxb7 axb4 41. cxb4 Kg6 42. e5 Kf5 43. Bc8+ Kg6 44. f5+ Kh5 45. Kf4 Bc7 46. Ke4
Kxh4 47. b5 Kg5 48. Bd7 f6 49. e6 Bd8 50. Be8 Bc7 51. Bg6 Kg4 52. e7 1-0

[Event "Befana SSM B"]
[Site "Milano ITA"]
[Date "2014.01.05"]
[Round "4"]
[White "Santelli, Francesco"]
[Black "Villalba, Fernando"]
[WhiteElo "1798"]
[BlackElo "1856"]
[Result "0-1"]
[PlyCount "69"]
[EventDate "2014.01.02"]

1. e4 c5 2. Nf3 Nc6 3. d4 cxd4 4. Nxd4 g6 5. Be3 Bg7 6. c3 Nf6 7. f3 O-O 8. Nd2
d5 9. Nxc6 bxc6 10. exd5 Nxd5 11. Bf2 Rb8 12. Qc2 Bf5 13. Ne4 Qa5 14. Bd3 Nf4
15. b4 Rxb4 16. O-O Rbb8 17. g4 Bxe4 18. Bxe4 Nh3+ 19. Kg2 Nxf2 20. Rxf2 Bxc3
21. Rc1 Bd4 22. Re2 c5 23. Qc4 Rb4 24. Qd5 Rd8 25. Qc6 Qb5 26. Qxb5 Rxb5 27. h4
Rdb8 28. f4 Rb4 29. Rcc2 a5 30. f5 Rb1 31. fxg6 hxg6 32. h5 Kg7 33. hxg6 fxg6
34. Bd5 e5 35. Kg3 0-1

[Event "Befana SSM B"]
[Site "Milano ITA"]
[Date "2014.01.05"]
[Round "5"]
[White "Aloe, Giancarlo"]
[Black "Lavorgna, Filippo"]
[WhiteElo "1719"]
[BlackElo "1725"]
[Result "0-1"]
[PlyCount "164"]
[EventDate "2014.01.02"]

1. d4 Nf6 2. Nf3 g6 3. g3 Bg7 4. Bg2 O-O 5. O-O d6 6. Nbd2 Nbd7 7. b3 e5 8. Bb2
Qe8 9. Ng5 h6 10. Nge4 Nxe4 11. Nxe4 f5 12. Nc3 Nb6 13. dxe5 Qxe5 14. Na4 Qe7
15. Nxb6 axb6 16. Bxg7 Kxg7 17. e3 c6 18. Qd4+ Kh7 19. Qxb6 Ra6 20. Qd4 d5 21.
Rfe1 Re8 22. Bf1 Ra8 23. c4 Be6 24. a4 Rad8 25. c5 Bc8 26. b4 Qf7 27. Bd3 Bd7
28. Qf4 Qe6 29. b5 cxb5 30. axb5 Bc8 31. Ra7 Rd7 32. b6 Rde7 33. Rc1 Qc6 34.
Qb4 Bd7 35. Rb1 Qc8 36. Qd4 Bc6 37. Qf6 Qd7 38. h4 Re6 39. Qd4 h5 40. Qf4 R8e7
41. Rba1 Re8 42. Qd4 Qf7 43. Ba6 R6e7 44. Bd3 Re6 45. Ra8 Qf8 46. Rxe8 Qxe8 47.
Qf4 Qd7 48. Ra7 Re7 49. Qg5 Qe6 50. Ra8 Re8 51. Ra7 Re7 52. Qf4 Rd7 53. Qb8 Rg7
54. Ra8 Rg8 55. Qc7+ Rg7 56. Qf4 Re7 57. Ra7 Rd7 58. Kh2 Re7 59. Qb4 Qd7 60.
Ba6 Qe8 61. Bd3 Qd7 62. Qc3 Qe6 63. Ra8 Re8 64. Rxe8 Bxe8 65. Qd4 Bc6 66. Qf4
Qf6 67. Qc7+ Kh6 68. Ba6 Qb2 69. Qf4+ Kg7 70. Bxb7 Bxb7 71. Qc7+ Kh6 72. Kg2
Qg7 73. c6 Qxc7 74. bxc7 Bc8 75. Kf3 Kg7 76. Kf4 Kf6 77. f3 Be6 78. e4 d4 79.
e5+ Kf7 80. g4 hxg4 81. fxg4 fxg4 82. Ke4 g3 0-1

[Event "Befana SSM B"]
[Site "Milano ITA"]
[Date "2014.01.05"]
[Round "5"]
[White "Cagnotto, Marco"]
[Black "Alidosi, Marco"]
[WhiteElo "1514"]
[BlackElo "1775"]
[Result "1/2-1/2"]
[PlyCount "76"]
[EventDate "2014.01.02"]

1. e4 c5 2. Nc3 Nc6 3. g3 g6 4. Bg2 Bg7 5. d3 d6 6. Nge2 Nf6 7. O-O O-O 8. h3
Rb8 9. a4 a6 10. Be3 b5 11. axb5 axb5 12. Qd2 e5 13. Bh6 Be6 14. Bxg7 Kxg7 15.
f4 b4 16. Na4 Bd7 17. b3 Qc7 18. f5 Nd4 19. Nxd4 cxd4 20. fxg6 fxg6 21. Nb2 Be6
22. Nc4 Bxc4 23. bxc4 Rb6 24. Ra4 b3 25. cxb3 Rxb3 26. Rfa1 Rfb8 27. Ra7 R8b7
28. Qc2 Rxa7 29. Rxa7 Qxa7 30. Qxb3 Qa1+ 31. Kh2 Qc3 32. Qd1 Nd7 33. Qb1 Nc5
34. Qb6 Nxd3 35. Qc7+ Kh6 36. Qxd6 Qb4 37. Qf6 Qc5 38. g4 Ne1 1/2-1/2

[Event "Befana SSM B"]
[Site "Milano ITA"]
[Date "2014.01.05"]
[Round "5"]
[White "Carli, Federico"]
[Black "Ragoso, Mario"]
[WhiteElo "1529"]
[BlackElo "1633"]
[Result "1-0"]
[PlyCount "37"]
[EventDate "2014.01.02"]

1. e4 e5 2. Nf3 Nc6 3. d4 exd4 4. Nxd4 Nxd4 5. Qxd4 Qf6 6. e5 Qb6 7. Qxb6 axb6
8. Bf4 Ne7 9. Nc3 c6 10. O-O-O Ng6 11. Bg3 Bb4 12. Kb1 O-O 13. Bd3 Re8 14. Rhe1
Bc5 15. Ne4 Bd4 16. f4 b5 17. Nd6 Rf8 18. Bxg6 hxg6 19. Rxd4 1-0

[Event "Befana SSM B"]
[Site "Milano ITA"]
[Date "2014.01.05"]
[Round "5"]
[White "Casartelli, Fabio"]
[Black "Rossi, Giampiero"]
[WhiteElo "1848"]
[BlackElo "1877"]
[Result "0-1"]
[PlyCount "80"]
[EventDate "2014.01.02"]

1. d4 d5 2. Nf3 c6 3. e3 Nf6 4. Bd3 Bg4 5. h3 Bh5 6. Nbd2 e6 7. O-O Nbd7 8. Re1
Be7 9. e4 O-O 10. e5 Ne8 11. Nf1 c5 12. Ng3 Bg6 13. Bxg6 hxg6 14. dxc5 Nxc5 15.
Be3 Qc7 16. Qe2 b6 17. c4 dxc4 18. Qxc4 Qb7 19. Red1 Rc8 20. Rac1 Nc7 21. Bxc5
Bxc5 22. Rd7 Qc6 23. Rdd1 Nd5 24. Qh4 f6 25. Ne4 g5 26. Qh5 Nf4 27. Nxf6+ gxf6
28. Qg4 Ne2+ 29. Kh2 Nxc1 30. exf6 Bd6+ 31. g3 Rxf6 32. Qxg5+ Kf7 33. Rxd6 Qxf3
34. Rd7+ Ke8 35. Rd2 Ne2 36. Qg8+ Ke7 37. Qg7+ Rf7 38. Qg5+ Qf6 39. Qxf6+ Rxf6
40. Rxe2 Rcf8 0-1

[Event "Befana SSM B"]
[Site "Milano ITA"]
[Date "2014.01.05"]
[Round "5"]
[White "Cavalieri, Riccardo"]
[Black "Giaretta, Fulvio"]
[WhiteElo "1576"]
[BlackElo "1533"]
[Result "0-1"]
[PlyCount "32"]
[EventDate "2014.01.02"]

1. e4 e5 2. Nf3 Nc6 3. Bb5 a6 4. Ba4 Nf6 5. O-O Be7 6. Re1 d6 7. h3 O-O 8. c3
b5 9. Bc2 d5 10. exd5 Qxd5 11. Qe2 Nd7 12. Be4 Qd6 13. Nxe5 Ndxe5 14. f4 Ng6
15. f5 Nf4 16. Qe3 Bb7 0-1

[Event "Befana SSM B"]
[Site "Milano ITA"]
[Date "2014.01.05"]
[Round "5"]
[White "Cecchini, Massimo S."]
[Black "Colica, Daniele"]
[WhiteElo "1786"]
[BlackElo "1698"]
[Result "0-1"]
[PlyCount "104"]
[EventDate "2014.01.02"]

1. d4 Nf6 2. c4 e6 3. Nc3 Bb4 4. Qc2 d5 5. Bg5 h6 6. Bh4 c5 7. a3 Bxc3+ 8. bxc3
Nbd7 9. Nf3 Qa5 10. Bxf6 Nxf6 11. Nd2 cxd4 12. cxd4 Bd7 13. a4 Rc8 14. e3 dxc4
15. Be2 O-O 16. O-O c3 17. Nc4 Qc7 18. Rfc1 b5 19. axb5 Bxb5 20. Qxc3 Ne4 21.
Qe1 Qe7 22. f3 Nf6 23. Ne5 Bxe2 24. Qxe2 Nd5 25. Qd2 Qg5 26. f4 Qf5 27. Rxa7 f6
28. Nf3 Qe4 29. Ra3 Ra8 30. Rxa8 Rxa8 31. Re1 Ra3 32. Kf2 Nc3 33. Kg1 Qd5 34.
Rc1 Ne4 35. Qe2 Qb3 36. Ne1 Qxe3+ 37. Qxe3 Rxe3 38. Nf3 Rd3 39. h3 Nd2 40. Nxd2
Rxd2 41. Rc4 Kf7 42. Kh2 Kg6 43. Rc3 Rxd4 44. Kg3 Kf5 45. Rf3 Ke4 46. Kh2 Rd2
47. Kg3 Rd3 48. Rxd3 Kxd3 49. h4 e5 50. fxe5 fxe5 51. Kg4 e4 52. Kg3 Kd2 0-1

[Event "Befana SSM B"]
[Site "Milano ITA"]
[Date "2014.01.05"]
[Round "5"]
[White "Colonetti, Fabio"]
[Black "Primerano, Carlo"]
[WhiteElo "1475"]
[BlackElo "1737"]
[Result "1/2-1/2"]
[PlyCount "71"]
[EventDate "2014.01.02"]

1. e4 c5 2. Nf3 e6 3. c3 Nf6 4. e5 Nd5 5. d4 cxd4 6. cxd4 Nc6 7. Bc4 d6 8. Bxd5
exd5 9. O-O dxe5 10. dxe5 Be7 11. Bf4 O-O 12. Nd4 Qb6 13. Nxc6 bxc6 14. Qd2 Rd8
15. Nc3 Be6 16. Rfd1 Rab8 17. b3 d4 18. Na4 Qb4 19. Qxb4 Rxb4 20. Rac1 d3 21.
Bg3 Re4 22. f3 Re2 23. Nc3 Rc2 24. Rxc2 dxc2 25. Rxd8+ Bxd8 26. Bf4 Ba5 27. Ne2
Bb6+ 28. Kf1 Bf5 29. Bc1 Bd3 30. Ke1 Ba5+ 31. Kf2 Kf8 32. Ke3 Ba6 33. Nd4 Bb6
34. Ke4 Bxd4 35. Kxd4 Ke7 36. Ke4 1/2-1/2

[Event "Befana SSM B"]
[Site "Milano ITA"]
[Date "2014.01.05"]
[Round "5"]
[White "Da Campo, Giuseppe"]
[Black "Quagliarella, Sabino Remo"]
[WhiteElo "1780"]
[BlackElo "1882"]
[Result "1-0"]
[PlyCount "83"]
[EventDate "2014.01.02"]

1. d4 Nf6 2. c4 g6 3. Nc3 Bg7 4. e4 d6 5. f3 O-O 6. Bg5 h6 7. Be3 Nbd7 8. Nh3
e5 9. d5 Nh5 10. g4 Nf4 11. Nxf4 exf4 12. Bxf4 Ne5 13. Bxe5 Bxe5 14. Qd2 Qh4+
15. Qf2 Qf6 16. Qe3 Bd4 17. Qd3 Qh4+ 18. Kd1 Bg7 19. Kd2 h5 20. gxh5 Qxh5 21.
Be2 f5 22. Raf1 Qh6+ 23. Qe3 f4 24. Qd3 Bh3 25. Rfg1 a6 26. Bf1 Bd7 27. Rg2 g5
28. Rhg1 g4 29. Kc2 Rf7 30. Be2 Raf8 31. Nb1 b5 32. Nd2 c6 33. dxc6 Bxc6 34.
Rxg4 b4 35. Rg6 Qxh2 36. Qd4 Qh7 37. Qxd6 Ba4+ 38. b3 Be8 39. Rh6 Rd7 40. Rxh7
Kxh7 41. Rh1+ Kg8 42. Qe6+ 1-0

[Event "Befana SSM B"]
[Site "Milano ITA"]
[Date "2014.01.05"]
[Round "5"]
[White "Lamperti, Gianloris "]
[Black "Piccapietra, Matteo"]
[WhiteElo "1614"]
[BlackElo "1464"]
[Result "1-0"]
[PlyCount "65"]
[EventDate "2014.01.02"]

1. d4 Nf6 2. c4 g6 3. Nc3 Bg7 4. e4 d6 5. f3 O-O 6. Be3 e5 7. d5 Nbd7 8. Qc2
Ne8 9. Bd3 Nc5 10. Nge2 Nxd3+ 11. Qxd3 f5 12. b4 f4 13. Bf2 Nf6 14. c5 Rf7 15.
Rc1 Bf8 16. Na4 g5 17. Nec3 h5 18. Ke2 g4 19. Nb2 Rh7 20. Bh4 g3 21. Nc4 Be7
22. hxg3 fxg3 23. Qe3 Qd7 24. cxd6 cxd6 25. Bxf6 Bxf6 26. a3 Qe7 27. Rc2 Bg5
28. Qg1 h4 29. Nb5 Rh6 30. Ne3 Qd7 31. Nc7 Rb8 32. Nf5 Rh7 33. Qxa7 1-0

[Event "Befana SSM B"]
[Site "Milano ITA"]
[Date "2014.01.05"]
[Round "5"]
[White "Libutti, Michele"]
[Black "Canciani, Alberto"]
[WhiteElo "1727"]
[BlackElo "1598"]
[Result "1-0"]
[PlyCount "111"]
[EventDate "2014.01.02"]

1. d4 e6 2. c4 c5 3. d5 e5 4. e4 d6 5. Nc3 h6 6. Nf3 Nf6 7. Bd3 Nbd7 8. O-O g5
9. g3 Nh7 10. Be2 Ndf6 11. Rb1 Bg7 12. Bd2 Bh3 13. Re1 O-O 14. b4 b6 15. bxc5
bxc5 16. Rb7 Bc8 17. Rb3 Nd7 18. Qc2 h5 19. h4 g4 20. Ng5 Nxg5 21. Bxg5 f6 22.
Bd2 Kh7 23. Nd1 Rf7 24. Ne3 Nf8 25. Reb1 Bh6 26. Be1 Ng6 27. Nf5 Bxf5 28. exf5
Ne7 29. Rb7 Kg7 30. R1b5 a6 31. Ba5 Qc8 32. Rb3 Qxf5 33. Bd3 Qc8 34. Bc7 Qd7
35. R3b6 Nc8 36. Bf5 Qe8 37. Be6 Nxb6 38. Bxf7 Qxf7 39. Qb1 Nxc4 40. Ba5 Nxa5
41. Rxf7+ Kxf7 42. Qb6 Bd2 43. Qc7+ Kg6 44. Qxd6 c4 45. Qc7 e4 46. d6 e3 47.
fxe3 Bxe3+ 48. Kf1 Bd2 49. d7 Rg8 50. d8=Q Rxd8 51. Qxd8 Bc3 52. Qc7 Be5 53.
Qxa5 Bxg3 54. Qxa6 Bxh4 55. Qxc4 Bg3 56. a4 1-0

[Event "Befana SSM B"]
[Site "Milano ITA"]
[Date "2014.01.05"]
[Round "5"]
[White "Macri', Vincenzo Roberto"]
[Black "Lipari, Alberto"]
[WhiteElo "1560"]
[BlackElo "1535"]
[Result "1-0"]
[PlyCount "35"]
[EventDate "2014.01.02"]

1. e4 g6 2. f4 Bg7 3. Nf3 d6 4. Bc4 Nf6 5. e5 dxe5 6. fxe5 Nd5 7. Nc3 Nxc3 8.
bxc3 Bf5 9. O-O O-O 10. Ng5 h6 11. Nxf7 Rxf7 12. Bxf7+ Kxf7 13. g4 e6 14. gxf5
Qg5+ 15. Kh1 gxf5 16. d4 Nd7 17. Bxg5 hxg5 18. Qh5+ 1-0

[Event "Befana SSM B"]
[Site "Milano ITA"]
[Date "2014.01.05"]
[Round "5"]
[White "Manzotti, Francesco"]
[Black "Mingolla, Patrizio"]
[WhiteElo "1777"]
[BlackElo "1624"]
[Result "1-0"]
[PlyCount "85"]
[EventDate "2014.01.02"]

1. e4 e5 2. Nf3 Nc6 3. d4 exd4 4. Bc4 h6 5. Nxd4 d6 6. Nxc6 bxc6 7. O-O Nf6 8.
Nc3 Be7 9. Qe2 O-O 10. Rd1 Qe8 11. h3 Nd7 12. f4 Bf6 13. Bd2 Nc5 14. Re1 Rb8
15. Rab1 Bd4+ 16. Kh2 Be6 17. b4 Nd7 18. Bd3 f6 19. a4 Qd8 20. Bc4 Qe7 21. Qd3
Bxc3 22. Bxc3 Nb6 23. Bxe6+ Qxe6 24. a5 Nc8 25. Qa6 Qd7 26. Qc4+ Kh8 27. Rbd1
Rb5 28. e5 fxe5 29. fxe5 d5 30. e6 Qe8 31. Qh4 Kh7 32. e7 Rf7 33. Re6 Nd6 34.
Rde1 c5 35. bxc5 Rxc5 36. Bxg7 Kg8 37. Bxh6 Nf5 38. Rg6+ Rg7 39. Rxg7+ Nxg7 40.
Bxg7 Kxg7 41. Qd4+ Kf7 42. Qxc5 c6 43. Qd6 1-0

[Event "Befana SSM B"]
[Site "Milano ITA"]
[Date "2014.01.05"]
[Round "5"]
[White "Marchioro, Luigi"]
[Black "Corti, Filippo"]
[WhiteElo "1872"]
[BlackElo "1599"]
[Result "1/2-1/2"]
[PlyCount "32"]
[EventDate "2014.01.02"]

1. e4 c6 2. d4 d5 3. e5 Bf5 4. Nf3 e6 5. Be2 c5 6. Be3 Qb6 7. Nc3 Nd7 8. Bb5
Rc8 9. O-O Qc7 10. dxc5 Bxc5 11. Bxc5 Qxc5 12. Nd4 Ne7 13. Bxd7+ Kxd7 14. Ncb5
Bxc2 15. Qd2 Bg6 16. Nd6 Rb8 1/2-1/2

[Event "Befana SSM B"]
[Site "Milano ITA"]
[Date "2014.01.05"]
[Round "5"]
[White "Mazzoccoli, Simone"]
[Black "Rossini, Fulvio"]
[WhiteElo "1766"]
[BlackElo "1766"]
[Result "0-1"]
[PlyCount "41"]
[EventDate "2014.01.02"]

1. e4 e6 2. d4 d5 3. e5 c5 4. c3 Nc6 5. Nf3 Qb6 6. Be2 Bd7 7. O-O Nge7 8. dxc5
Qxc5 9. Na3 Ng6 10. Be3 Qa5 11. Qb3 Rb8 12. Nb5 Be7 13. Nxa7 Nxa7 14. Bb6 Ba4
15. Bxa5 Bxb3 16. axb3 Nc6 17. c4 Nf4 18. Bd1 Ra8 19. b4 Bxb4 20. Bxb4 Rxa1 21.
cxd5 0-1

[Event "Befana SSM B"]
[Site "Milano ITA"]
[Date "2014.01.05"]
[Round "5"]
[White "Murli, Almerico"]
[Black "Lunghi, Samuele"]
[WhiteElo "1804"]
[BlackElo "1522"]
[Result "1-0"]
[PlyCount "59"]
[EventDate "2014.01.02"]

1. e4 e5 2. Nf3 Nc6 3. d4 exd4 4. Nxd4 Qh4 5. Nc3 Bb4 6. Be2 Qxe4 7. Ndb5 Bxc3+
8. bxc3 Kd8 9. O-O a6 10. Nd4 Nxd4 11. cxd4 Nf6 12. Bf3 Qg6 13. c4 d6 14. Re1
Bg4 15. Ba3 Rb8 16. Rb1 Kd7 17. c5 Rhe8 18. Rxe8 Rxe8 19. Bxg4+ Qxg4 20. Qxg4+
Nxg4 21. h3 Nf6 22. cxd6 cxd6 23. Rxb7+ Kc6 24. Rxf7 Re2 25. Ra7 Rxa2 26. Rxa6+
Kb5 27. Ra7 Kb6 28. Bc5+ dxc5 29. Rxa2 cxd4 30. Rc2 1-0

[Event "Befana SSM B"]
[Site "Milano ITA"]
[Date "2014.01.05"]
[Round "5"]
[White "Neri, Angelo"]
[Black "Malescusi, Luciano"]
[WhiteElo "1894"]
[BlackElo "1881"]
[Result "0-1"]
[PlyCount "48"]
[EventDate "2014.01.02"]

1. e4 c5 2. Nf3 g6 3. Nc3 Bg7 4. Be2 Nc6 5. O-O Nf6 6. d3 d6 7. h3 O-O 8. Be3
Bd7 9. Qd2 e5 10. Bh6 Nd4 11. Bxg7 Kxg7 12. Nd1 h6 13. c3 Ne6 14. Re1 Nh7 15.
Bf1 Nhg5 16. Nxg5 hxg5 17. Ne3 Rh8 18. Ng4 Nf4 19. d4 Bxg4 20. hxg4 Qg8 21. f3
Qh7 22. g3 Qh1+ 23. Kf2 Rh2+ 24. Ke3 Qg1+ 0-1

[Event "Befana SSM B"]
[Site "Milano ITA"]
[Date "2014.01.05"]
[Round "5"]
[White "Nordio, Giorgio"]
[Black "Pedroni, Marco"]
[WhiteElo "1682"]
[BlackElo "1850"]
[Result "1/2-1/2"]
[PlyCount "52"]
[EventDate "2014.01.02"]

1. c4 e5 2. g3 Nf6 3. Bg2 Bc5 4. e3 O-O 5. Nc3 Nc6 6. Nge2 Re8 7. d3 a6 8. O-O
Rb8 9. a3 d6 10. b4 Ba7 11. Rb1 Bd7 12. a4 Ne7 13. b5 c6 14. Qb3 axb5 15. axb5
Bb6 16. Ba3 Bf5 17. Rfd1 Qd7 18. Bb4 Ng6 19. Na4 Bc7 20. Nac3 h5 21. Ba3 h4 22.
Qa4 Ra8 23. Qb3 e4 24. dxe4 Nxe4 25. Ra1 hxg3 26. hxg3 Nxc3 1/2-1/2

[Event "Befana SSM B"]
[Site "Milano ITA"]
[Date "2014.01.05"]
[Round "5"]
[White "Pasini, Nicolo'"]
[Black "Lavorgna, Francesco"]
[WhiteElo "1434"]
[BlackElo "1598"]
[Result "1-0"]
[PlyCount "77"]
[EventDate "2014.01.02"]

1. e4 c6 2. d4 d5 3. Nd2 dxe4 4. Nxe4 Bf5 5. Ng3 Bg6 6. Nf3 Nf6 7. Bc4 e6 8.
Ne5 Nbd7 9. Nxg6 hxg6 10. O-O Bd6 11. f4 Qc7 12. Qf3 O-O-O 13. Be3 Nh5 14. Ne4
Nhf6 15. Nxd6+ Qxd6 16. Bf2 Rh7 17. c3 Rdh8 18. Bg3 Nh5 19. Bf2 Nb6 20. Bb3
Qxf4 21. Qxf4 Nxf4 22. Bg3 Ne2+ 23. Kf2 Nxg3 24. Kxg3 Rf8 25. Bxe6+ Kb8 26.
Rxf7 Re8 27. Bb3 Re2 28. Rf2 Re3+ 29. Rf3 Re4 30. Raf1 Rh5 31. h3 Rg5+ 32. Kh2
a5 33. a4 Ka7 34. g4 c5 35. Rf4 Re2+ 36. R1f2 Re7 37. h4 Nd5 38. hxg5 Nxf4 39.
Rxf4 1-0

[Event "Befana SSM B"]
[Site "Milano ITA"]
[Date "2014.01.05"]
[Round "5"]
[White "Pollio, Ciro"]
[Black "Croso, Marco"]
[WhiteElo "1761"]
[BlackElo "1861"]
[Result "1-0"]
[PlyCount "79"]
[EventDate "2014.01.02"]

1. d4 d5 2. c4 e6 3. cxd5 exd5 4. Nc3 Nf6 5. Bg5 Be7 6. e3 O-O 7. Qc2 c6 8. Bd3
h6 9. Bh4 Re8 10. Nf3 Nbd7 11. O-O g5 12. Bg3 Nh5 13. Ne2 Bf6 14. h3 Bg7 15.
Bh2 Nhf6 16. Ng3 g4 17. hxg4 Nxg4 18. Rae1 Ndf6 19. b4 Nxh2 20. Nxh2 Qd6 21. b5
cxb5 22. Bxb5 Re7 23. Rc1 Be6 24. Qa4 h5 25. Bd3 Bd7 26. Qd1 h4 27. Nf5 Bxf5
28. Bxf5 Ne4 29. Qg4 Qf6 30. Nf3 Nd6 31. Bd3 Kf8 32. Rc2 Qh6 33. Nxh4 Rxe3 34.
fxe3 Qxe3+ 35. Rcf2 Qxd3 36. Qd7 Bxd4 37. Qxd6+ Kg7 38. Qf4 Bxf2+ 39. Qxf2 Rf8
40. Nf5+ 1-0

[Event "Befana SSM B"]
[Site "Milano ITA"]
[Date "2014.01.05"]
[Round "5"]
[White "Rinaldo, Andrea"]
[Black "Pirrello, Christian"]
[WhiteElo "1748"]
[BlackElo "1641"]
[Result "1/2-1/2"]
[PlyCount "95"]
[EventDate "2014.01.02"]

1. e4 c6 2. Nf3 d5 3. Nc3 Bg4 4. exd5 cxd5 5. d4 e6 6. Bf4 Bd6 7. Bg3 a6 8. Be2
Nc6 9. Ne5 Bxe2 10. Nxe2 Nge7 11. O-O Nf5 12. Nxc6 bxc6 13. Bxd6 Qxd6 14. Qd2
O-O 15. f4 c5 16. c3 cxd4 17. Nxd4 Nxd4 18. Qxd4 Rab8 19. Rf2 Qb6 20. Rd1 Qxd4
21. Rxd4 Rb6 22. a3 Rfb8 23. Rb4 Rxb4 24. axb4 Kf8 25. Rf1 d4 26. Ra1 dxc3 27.
bxc3 Rb6 28. Kf2 Ke7 29. Ke3 Kd6 30. Ra5 Kc6 31. Rc5+ Kd6 32. g4 Rb5 33. Rc8 h5
34. h3 hxg4 35. hxg4 a5 36. Rd8+ Ke7 37. Rd4 axb4 38. Rxb4 Ra5 39. Rb7+ Kf6 40.
Rd7 g5 41. Rd4 gxf4+ 42. Rxf4+ Kg5 43. Rxf7 Kxg4 44. c4 Ra4 45. c5 Rc4 46. Rc7
Kf5 47. Kd3 Rc1 48. Kd2 1/2-1/2